000
00302nam a22001337a 4500
008
170904b xxu||||| |||| 00| 0 eng d
020
_a
0697002780
041
_a
eng
080
_2
4TH
_a
070
100
_a
40
101
_a
MED
245
_a
MAGAZINE EDITING AND PRODUCTION
_c
CLICK,J.W
942
_2
udc
_c
BK
999
_c
25925
_d
25925